000 00854nam a2200241 a 4500
003 CBULib
005 20250108142418.0
008 080115s1997 ||||||||||||||||| || u
040 _aCBULib
_bEnglish
_cCBULib
_erda
041 _aeng
050 _aUNO(02)1997/1
100 _aAsiwaju, A. I
110 _93397
_aUnited Nations (UNO)
245 1 0 _aBorders and border regions focus on Africa: a comparative and multidisciplinary bibliography
_c/ by the United Nations (UNO)
260 _a[Lagos]
_bUnited Nations,
_c1997.
300 _avii, 47 pages
336 _2rdacontent
_aText |
_btxt
337 _2rdamedia
_aUnmediated |
_bn
338 _2rdacarrier
_aVolume
_bnc
650 _aBOUNDARIES--CONGRESSES: GEOPOLITICS--CONGRESSES: AFRICA--BOUNDARIES--CONGRESSES
942 _2mc
_c029
999 _c36051
_d36051